000 01679nam0a22003131 4500
001 v19\rc\1294775
005 20060306185702.7
035 _a(NLR Aleph) 004441606
090 _a4410428
_c4410428
100 _a20060306d1865 |||y0rusy50 ca
101 0 _arus
102 _aRU
105 _aa j |||||
200 1 _aУчебный зоологический атлас, содержащий в себе более 500 отдельных фигур с названиями на русском, латинском, французском, немецком и английском языках
_eВыбор рисунков сделан из лучших иностр. атласов: Кювье, Бурмейстера, Рудольфа Вагнера... и др., и приспособлен к "Курсу естественной истории Михайлова"
_fСост. и изд. Д. Михайлов
205 _a2-е изд.
210 _aСанкт-Петербург
_cтип. и лит. И. Паульсона и К°
_d1865
215 _a[2], 30 с., 15 л. ил.
_d44
700 1 _aМихайлов
_bД. С.
_cгос. и обществ. деятель
_f1824-1890
_gДмитрий Сергеевич
_3RU\NLR\AUTH\770256660
_4220
_4650
702 1 _aКювье
_bЖ. Л.
_f1769-1832
_gЖорж Леопольд
_4570
702 1 _aБурмейстер
_bГ.
_f1807-1892
_gГерман
_4570
702 1 _aВагнер
_bР.
_f1805-1864
_gРудольф
_4570
801 0 _aRU
_bNLR
_gpsbo
801 0 _aRU
_bRuMoRGB
_2psbo
801 1 _aRU
_bProSoft-M
_2rusmarc
852 _aNLR
_j18.108.1.34
899 _aRuMoRGB
_jJ 12а/52
899 _aБАН
942 _cBOOK
980 _aNB